UBT Library

THE AMERICAN ECONOMY A HISTORICAL ENCYCLOPEDIA (Record no. 59757)

000 -LEADER
fixed length control field 00351nam a22001457a 4500
008 - FIXED-LENGTH DATA ELEMENTS--GENERAL INFORMATION
fixed length control field 230517b ||||| |||| 00| 0 eng d
020 ## - INTERNATIONAL STANDARD BOOK NUMBER
International Standard Book Number 9781576078662
041 ## - LANGUAGE CODE
Language code of text/sound track or separate title eng
080 ## - UNIVERSAL DECIMAL CLASSIFICATION NUMBER
Edition identifier VOLUME 1,2
Universal Decimal Classification number 94
082 ## - DEWEY DECIMAL CLASSIFICATION NUMBER
Classification number 94NOR
100 ## - Rafti
Rafti 28
101 ## - Shkurtesa
Shkurtesa HIS
245 ## - TITLE STATEMENT
Title THE AMERICAN ECONOMY A HISTORICAL ENCYCLOPEDIA
Statement of responsibility, etc NORTHRUP.C.C
942 ## - ADDED ENTRY ELEMENTS (KOHA)
Source of classification or shelving scheme
Item type Books
Holdings
Withdrawn status Lost status Source of classification or shelving scheme Damaged status Not for loan Collection code Permanent location Current location Date acquired Total Checkouts Full call number Barcode Date last seen Price effective from Koha item type
          Koleksioni i përgjithshem UBT - Lipjan UBT - Lipjan 05/17/2023   94NOR 002-800080274 05/17/2023 05/17/2023 Books
          Koleksioni i përgjithshem UBT - Lipjan UBT - Lipjan 05/17/2023   94NOR 002-800080275 05/17/2023 05/17/2023 Books
UBT Library © 2015-2024. All rights reserved University Education for Business and Technology